NBA Roster quiz 2021-2022 - Statistics

General Stats
  • This quiz has been taken 602 times
    599 since last reset
  • The average score is 234 of 465
Answer Stats
Team Position Player % Correct
Dallas Mavericks SG Luka Doncic
97%
SG Danny Green
93%
PF Draymond Green
93%
SG Jalen Green
93%
PF JaMychal Green
93%
SF Javonte Green
93%
PF Jeff Green
93%
Golden State Warriors PG Stephen Curry
93%
SG Josh Green
92%
SG Seth Curry
92%
SG Klay Thompson
91%
C Tristan Thompson
89%
SG Bruce Brown
88%
SG Charlie Brown Jr.
88%
PG Dejounte Murray
88%
SF Greg Brown
88%
Denver Nuggets PG Jamal Murray
88%
SF Jaylen Brown
88%
SF LeBron James
88%
SG Sterling Brown
88%
SG Troy Brown Jr.
88%
C Nikola Jokic
87%
PF Grant Williams
86%
SG Kenrich Williams
86%
Houston Rockets SF Kevin Porter Jr.
86%
SG Lou Williams
86%
SF Michael Porter Jr.
86%
SF Otto Porter Jr.
86%
PF Patrick Williams
86%
C Robert Williams
86%
SF Ziaire Williams
86%
SF Kawhi Leonard
85%
PF Anthony Davis
84%
PG Chris Paul
84%
C Ed Davis
84%
SG Jayson Tatum
84%
SG Jordan Poole
84%
SF Paul George
84%
SF Terence Davis II
84%
SF Dorian Finney-Smith
83%
Memphis Grizzlies PG Ja Morant
83%
PF Jaren Jackson Jr.
83%
C Karl-Anthony Towns
83%
PG Kyrie Irving
83%
SG Devin Booker
82%
PG Frank Jackson
82%
PF Isaiah Jackson
82%
PG Jalen Brunson
82%
SF Josh Jackson
82%
SF Justin Jackson
82%
SF Kevin Durant
82%
PG Reggie Jackson
82%
PG Davion Mitchell
81%
SG Donovan Mitchell
81%
PG LaMelo Ball
81%
Chicago Bulls PG Lonzo Ball
81%
SF Aaron Wiggins
80%
SF Andrew Wiggins
80%
PG Damian Lillard
80%
PG Russell Westbrook
80%
SF Cameron Johnson
79%
Milwaukee Bucks PF Giannis Antetokounmpo
79%
SG James Harden
79%
SF Carmelo Anthony
78%
SG C.J. McCollum
78%
PG Coby White
78%
PG D'Angelo Russell
78%
PG De'Aaron Fox
78%
PG Derrick White
78%
PF Dwight Powell
78%
SF Jalen Johnson
78%
SF James Johnson
78%
C Joel Embiid
78%
SF Keldon Johnson
78%
SG Keon Johnson
78%
SF Mikal Bridges
78%
SF Miles Bridges
78%
SG Nickeil Alexander-Walker
78%
Los Angeles Lakers SF Stanley Johnson
78%
SF Norman Powell
77%
C Rudy Gobert
77%
PG Shai Gilgeous-Alexander
77%
SF Thaddeus Young
77%
PG Trae Young
77%
PF Aaron Gordon
76%
SG Anthony Edwards
76%
SF Brandon Ingram
76%
Orlando Magic PG Cole Anthony
76%
C Deandre Ayton
76%
SF Duncan Robinson
76%
SG Eric Gordon
76%
SG Grayson Allen
76%
Cleveland Cavaliers C Jarrett Allen
76%
SF Kessler Edwards
76%
C Mitchell Robinson
76%
SF Zion Williamson
76%
PG Ben Simmons
75%
C Damian Jones
75%
PG Darius Garland
75%
SG DeMar DeRozan
75%
SF Derrick Jones Jr.
75%
Sacramento Kings PF Domantas Sabonis
75%
SG Gary Harris
75%
SF Harrison Barnes
75%
PF Herbert Jones
75%
SF Jimmy Butler
75%
SF Joe Harris
75%
PF Kai Jones
75%
PF Kevon Looney
75%
C Steven Adams
75%
SF Tobias Harris
75%
PG Tre Jones
75%
PG Tyus Jones
75%
PG Aaron Holiday
74%
SG Anfernee Simons
74%
Miami Heat C Bam Adebayo
74%
PG Cade Cunningham
74%
PG Jrue Holiday
74%
PF Julius Randle
74%
SF Justin Holiday
74%
SF Scottie Barnes
74%
SG Spencer Dinwiddie
74%
SG Zach LaVine
74%
C Al Horford
73%
PG Fred VanVleet
73%
PG Marcus Smart
73%
PF Pascal Siakam
73%
SG Bradley Beal
72%
C Brook Lopez
72%
SF Khris Middleton
72%
C Robin Lopez
72%
SF Bogdan Bogdanovic
71%
Utah Jazz SF Bojan Bogdanovic
71%
C Christian Wood
71%
PF Kristaps Porzingis
71%
SG Desmond Bane
70%
PF John Collins
70%
C Jonas Valanciunas
70%
PG Kemba Walker
70%
SG Lonnie Walker IV
70%
New York Knicks SF R.J. Barrett
70%
SG Tyler Herro
70%
PF Zach Collins
70%
PG Ish Smith
69%
C Ivica Zubac
69%
C Jalen Smith
69%
PF Marcus Morris Sr.
69%
PF Markieff Morris
69%
PG Monte Morris
69%
PG Tyrese Haliburton
69%
C Clint Capela
68%
PG Collin Sexton
68%
PG Kyle Lowry
68%
SG Tim Hardaway Jr.
68%
C Dwight Howard
67%
PG John Wall
67%
PF Jonathan Kuminga
67%
C Jusuf Nurkic
67%
SF Talen Horton-Tucker
67%
SF Dillon Brooks
66%
Phoenix Suns PF Elfrid Payton
66%
C Evan Mobley
66%
SG Gary Payton II
66%
PG Mike Conley
66%
C Nikola Vucevic
66%
PG Patrick Beverley
66%
Brooklyn Nets C Andre Drummond
65%
PF Brandon Clarke
65%
SF Gary Clark
65%
C James Wiseman
65%
PF Maxi Kleber
65%
PF Blake Griffin
64%
C Jakob Poeltl
64%
Detroit Pistons PF Jerami Grant
64%
SF Juan Toscano-Anderson
64%
C Myles Turner
64%
C Nic Claxton
64%
C DeAndre Jordan
63%
SF Jae Crowder
63%
SG Buddy Hield
62%
SF De'Andre Hunter
62%
SF P.J. Tucker
62%
PG Tyrese Maxey
62%
PF Kevin Love
61%
PF Wendell Carter Jr.
61%
SG Damion Lee
60%
SG Kevin Huerter
60%
SF Kyle Anderson
60%
SG Reggie Bullock
60%
PG Saben Lee
60%
SG Will Barton
60%
SG Austin Reaves
59%
PG Derrick Rose
59%
C JaVale McGee
59%
SG Josh Hart
59%
Washington Wizards SF Kyle Kuzma
59%
C Mason Plumlee
59%
Toronto Raptors SF O.G. Anunoby
59%
SG Patty Mills
59%
PG Payton Pritchard
59%
C Jaxson Hayes
58%
PG Josh Giddey
58%
PG Killian Hayes
58%
SG Terance Mann
58%
SG Tre Mann
58%
C Boban Marjanovic
57%
SG Moses Moody
57%
SF Saddiq Bey
57%
PG Terry Rozier
57%
PG Cameron Payne
56%
PF LaMarcus Aldridge
56%
SG Malik Monk
56%
SG Alex Caruso
55%
PF Davis Bertans
55%
SG Evan Fournier
55%
SG Gary Trent Jr.
55%
PG Isaiah Thomas
55%
C Mo Bamba
55%
C Bobby Portis
54%
SG Brodric Thomas
54%
SG Cam Thomas
54%
SF Gordon Hayward
54%
PG Jordan Clarkson
54%
SG Luguentz Dort
54%
PG Malcolm Brogdon
54%
SG Matt Thomas
54%
SF Thanasis Antetokounmpo
54%
SF Andre Iguodala
53%
C DeMarcus Cousins
53%
SG Kentavious Caldwell-Pope
53%
PF Lauri Markkanen
53%
PF P.J. Washington Jr.
52%
PG Ricky Rubio
52%
C Alperen Sengun
51%
SF Caleb Martin
51%
SF Cody Martin
51%
PG Duane Washington Jr.
51%
SG Kelan Martin
51%
SF Kenyon Martin Jr.
51%
PG Rajon Rondo
51%
SF Franz Wagner
50%
SG Luke Kennard
50%
PF Moritz Wagner
50%
Los Angeles Clippers SF Robert Covington
50%
PF Daniel Theis
49%
SG Max Strus
49%
SF Nicolas Batum
49%
SG Avery Bradley
48%
SG Jalen Suggs
48%
SF Joe Ingles
48%
PG Jose Alvarado
48%
SF Royce O'Neale
48%
C Tony Bradley
48%
SG Devonte' Graham
46%
C Hassan Whiteside
46%
SG Immanuel Quickley
46%
PF Marvin Bagley III
46%
SG Matisse Thybulle
46%
C Richaun Holmes
46%
PG Goran Dragic
45%
PF Jaden McDaniels
45%
PF Jalen McDaniels
45%
SG Malik Beasley
45%
PF Chris Boucher
44%
PF Jarred Vanderbilt
44%
PG Nah'Shon Hyland
44%
PF Nemanja Bjelica
44%
SF Cam Reddish
43%
SG Caris LeVert
43%
SG Donte DiVincenzo
43%
SF Isaac Okoro
43%
SF Jae'Sean Tate
43%
PG Markelle Fultz
43%
SG Pat Connaughton
43%
PF Paul Millsap
43%
PF Rui Hachimura
43%
PF Serge Ibaka
43%
SG Victor Oladipo
43%
SG De'Anthony Melton
42%
C Naz Reid
42%
SG Wesley Matthews
42%
SF Cedi Osman
41%
PG Dennis Schroder
41%
PG Gabe Vincent
41%
PF Kelly Olynyk
41%
C Nick Richards
41%
PF Derrick Favors
40%
Charlotte Hornets SF Kelly Oubre Jr.
40%
PF Obi Toppin
40%
C Thomas Bryant
40%
PF Xavier Tillman
40%
C Bismack Biyombo
39%
Atlanta Hawks SF Danilo Gallinari
39%
PF Dario Saric
39%
PG Facundo Campazzo
39%
PF Montrezl Harrell
39%
C Nerlens Noel
39%
Indiana Pacers SF T.J. Warren
39%
PG George Hill
38%
PF Jonathan Isaac
38%
SG Josh Richardson
38%
SG Kendrick Nunn
38%
SF Malcolm Hill
38%
Philadelphia 76ers SF Paul Reed
38%
PF Precious Achiuwa
38%
SG Devin Vassell
37%
PF Larry Nance Jr.
37%
SF Aaron Nesmith
36%
PF Aleksej Pokusevski
36%
SG Austin Rivers
36%
C Bol Bol
36%
C Daniel Gafford
36%
SF Darius Bazley
36%
C Isaiah Hartenstein
36%
SG Shake Milton
36%
PF Taj Gibson
36%
SG Alec Burks
35%
SG Furkan Korkmaz
35%
SG Landry Shamet
35%
PF Onyeka Okongwu
35%
SF Rudy Gay
35%
PG Trey Burke
35%
PF Udonis Haslem
35%
PF Dean Wade
34%
SF Deni Avdija
34%
C Dewayne Dedmon
34%
PG Eric Bledsoe
34%
SF Trevor Ariza
34%
PG Chris Chiozza
33%
PG Delon Wright
33%
SF Juancho Hernangomez
33%
SG Terrence Ross
33%
C Willy Hernangomez
33%
C Alex Len
32%
PG Frank Ntilikina
32%
SF Georges Niang
32%
SF Joshua Primo
31%
SG Kent Bazemore
31%
SF Torrey Craig
31%
SF Doug McDermott
30%
SG Josh Okogie
30%
PG Malachi Flynn
30%
SF Taurean Prince
30%
PG T.J. McConnell
30%
SG Ayo Dosunmu
29%
C Cody Zeller
29%
PG D.J. Augustin
28%
SG Josh Christopher
28%
SF Kevin Knox II
28%
PG Raul Neto
28%
SF Trey Murphy III
28%
SG Chris Duarte
27%
C Goga Bitadze
27%
Minnesota Timberwolves PG Jordan McLaughlin
27%
SF Nassir Little
27%
SG Quentin Grimes
27%
SG Wayne Ellington
27%
SG Amir Coffey
26%
PG Cory Joseph
26%
PF Frank Kaminsky III
26%
C Jeremiah Robinson-Earl
26%
C Drew Eubanks
25%
SG Jeremy Lamb
25%
SF Jordan Nwora
25%
C Khem Birch
25%
PF Luke Kornet
25%
C Day'Ron Sharpe
24%
PF Eric Paschall
24%
C Gorgui Dieng
24%
SG John Konchar
24%
SF Yuta Watanabe
24%
PF Zeke Nnaji
24%
SG Isaiah Joe
23%
SG Jarrett Culver
23%
C Omer Yurtseven
23%
PF Trey Lyles
23%
SG Hamidou Diallo
22%
PF Mike Muscala
22%
PF Santi Aldama
22%
PF Usman Garuba
22%
SG Brandon Boston Jr.
21%
SG Bryn Forbes
21%
PG Corey Kispert
21%
Oklahoma City Thunder SF Isaiah Roby
21%
Portland Trail Blazers SF Justise Winslow
21%
PF Marquese Chriss
21%
PF Chimezie Metu
20%
SF Danuel House Jr.
20%
SG James Bouknight
20%
C Jock Landale
20%
SG Romeo Langford
20%
Boston Celtics SF Sam Hauser
20%
SF Jake Layman
19%
PG Miles McBride
19%
SF Vlatko Cancar
19%
C Jericho Sims
18%
C Willie Cauley-Stein
18%
PG Dalano Banton
17%
SG Garrison Mathews
17%
SG Jaylen Nowell
17%
SF Lamar Stevens
17%
SF Maurice Harkless
17%
SF Oshae Brissett
17%
SG Rodney Hood
17%
PG Theo Maledon
17%
New Orleans Pelicans SG Tony Snell
17%
SG Ty Jerome
17%
PF Bruno Fernando
16%
PF Chuma Okeke
16%
SF David Nwaba
16%
SG Dylan Windler
16%
PG Kira Lewis Jr.
16%
SF Naji Marshall
16%
SG Garrett Temple
15%
PF Killian Tillie
15%
C Luka Garza
15%
SG R.J. Hampton
15%
SG Tomas Satoransky
15%
SG Ben McLemore
14%
PF JT Thor
14%
SF Keita Bates-Diop
14%
SG Lance Stephenson
14%
SG Svi Mykhailiuk
14%
SG Timothe Luwawu-Cabarrot
14%
PF Trendon Watford
14%
SF CJ Elleby
13%
SF DeAndre' Bembry
13%
C Udoka Azubuike
13%
SG Isaac Bonga
12%
PF Isaiah Livers
12%
SG Leandro Bolmaro
12%
SG Theo Pinson
12%
SG Trent Forrest
12%
PF Anthony Gill
11%
PG Brandon Goodwin
11%
PF Nathan Knight
11%
SG Nik Stauskas
11%
SF Semi Ojeleye
11%
PF D.J. Wilson
10%
SG Kyle Guy
9%
SG Rodney McGruder
9%
SG Terry Taylor
9%
PF Vernon Carey Jr.
9%
SG Elijah Hughes
8%
SG Jay Scrubb
8%
PG Keifer Sykes
8%
PG Ryan Arcidiacono
8%
PF Sandro Mamukelashvili
8%
SG Skylar Mays
8%
San Antonio Spurs PF Devontae Cacok
7%
PF Luka Samanic
7%
SG Joe Wieskamp
6%
SF Admiral Schofield
5%
PG Cassius Winston
5%
SG Trevelin Queen
5%
SF Ignas Brazdeikis
4%
PG Tim Frazier
4%
PG Derrick Walton Jr.
3%
SG Lindell Wigginton
3%
SG Cassius Stanley
2%
SG Langston Galloway
2%
SF David Duke Jr.
1%
SF Deonte Burton
1%
PG Jared Buler
1%
No matching quizzes found
Score Distribution
Percent of People with Each Score
Percentile by Number Answered
Your Score History
You have not taken this quiz since the last reset